| 000 | 00644nam a2200217Ia 4500 | ||
|---|---|---|---|
| 003 | GCL | ||
| 008 | 140319s9999 xx 000 0 ara d | ||
| 040 |
_aGCL / _cGCL |
||
| 082 | 0 | 4 |
_a690.58 _bل هـ |
| 100 | 1 | _aلويز مليكة | |
| 245 | 1 | 0 |
_aالهندسة والديكور المسرحى / _cلويز مليكة |
| 260 |
_a[S.N] : _bالهيئة المصرية العامة للكتاب ، _c1984 |
||
| 490 | _a | ||
| 650 | 0 | 4 | _aالهندسة |
| 650 | 0 | 4 | _aتصميم |
| 650 | 0 | 4 | _aالمسرح |
| 650 | 0 | 4 | _aالهندسة الوصفية |
| 650 | 0 | 4 | _aالرسم الهندسى |
| 650 | 0 | 4 | _aالديكور |
| 942 |
_2ddc _cBK |
||
| 999 |
_c27955 _d27955 |
||